Normal view
MARC view
- Brown, Bradley D
Entry Personal Name
001 - CONTROL NUMBER
- control field: 96938
003 - CONTROL NUMBER IDENTIFIER
- control field: NUST
005 - DATE AND TIME OF LATEST TRANSACTION
- control field: 20220811160743.0
008 - FIXED-LENGTH DATA ELEMENTS
- fixed length control field: 220811|| aca||aabn | a|a d
040 ## - CATALOGING SOURCE
- Original cataloging agency: NUST
- Transcribing agency: NUST
100 ## - HEADING--PERSONAL NAME
- Personal name: Brown, Bradley D
670 ## - SOURCE DATA FOUND
- Source citation: Work cat.: (NUST)176703: Brown, Bradley D., Oracle9i Web development /, c2001.
